000 00475nam a2200181 i 4500
001 13942
003 ES-MaACL
005 20230906150710.0
007 t|
008 980818s1938 fr ||||1| fre d
080 _a123
100 1 _aCésari, Paul.
_937677
245 1 4 _aLes déterminismes et les êtres /
_cPaul Césari.
260 _aParis :
_bJ. Vrin,
_c1938.
300 _a450 p. ;
_c25 cm.
650 1 4 _aDeterminismo.
_911842
852 _aES-MaACL
_jL-21181
_bR.115726
999 _c13942
_d13942